000 00546nam a2200181Ia 4500
999 _c21209
_d21209
003 OSt
005 20200625103458.0
008 190216s9999||||xx |||||||||||||| ||und||
020 _a9788173919268
040 _coclc
082 _a954.052
_bRAM/B
100 _aRam, D Sundar
_93225
245 0 _aBharath Ratna Rajiv Gandhi :
_bA Visionary Of Modern India /
_cD Sundar Ram
260 _bKanishka Publishers,
_aNew Delhi:
_c2007.
300 _a253p
650 _aHistory
942 _cBK
_2ddc
_h954.052
_iRAM/B
_k954.052
_mRAM/B